A Large-Scale Collection Of (Non-)Actionable Static Code Analysis Reports

Elmentve itt :
Bibliográfiai részletek
Szerzők: Kószó Dávid
Aladics Tamás
Ferenc Rudolf
Hegedűs Péter
Dokumentumtípus: Cikk
Megjelent: 2025
Sorozat:SCIENTIFIC DATA 12 No. 1
Tárgyszavak:
doi:10.1038/s41597-025-06154-7

mtmt:36465496
Online Access:http://publicatio.bibl.u-szeged.hu/38521
LEADER 00816nab a2200241 i 4500
001 publ38521
005 20251216124501.0
008 251216s2025 hu o 000 eng d
022 |a 2052-4463 
024 7 |a 10.1038/s41597-025-06154-7  |2 doi 
024 7 |a 36465496  |2 mtmt 
040 |a SZTE Publicatio Repozitórium  |b hun 
041 |a eng 
100 1 |a Kószó Dávid 
245 1 2 |a A Large-Scale Collection Of (Non-)Actionable Static Code Analysis Reports  |h [elektronikus dokumentum] /  |c  Kószó Dávid 
260 |c 2025 
300 |a 10 
490 0 |a SCIENTIFIC DATA  |v 12 No. 1 
650 4 |a Számítás- és információtudomány 
700 0 1 |a Aladics Tamás  |e aut 
700 0 1 |a Ferenc Rudolf  |e aut 
700 0 1 |a Hegedűs Péter  |e aut 
856 4 0 |u http://publicatio.bibl.u-szeged.hu/38521/1/2511.10323v1.pdf  |z Dokumentum-elérés